| 000 | 01331nam a2200349Ia 4500 | ||
|---|---|---|---|
| 001 | ebr10510574 | ||
| 003 | CaPaEBR | ||
| 006 | m u | ||
| 007 | cr cn||||||||| | ||
| 008 | 101105s2011 nju s 001 0 eng d | ||
| 010 | _z 2010047237 | ||
| 020 | _z9780470878798 | ||
| 020 | _z9781576603727 | ||
| 040 |
_aCaPaEBR _cCaPaEBR |
||
| 035 | _a(OCoLC)761697306 | ||
| 050 | 1 | 4 |
_aHG4515.3 _b.C65 2011eb |
| 100 | 1 | _aColes, Andrew. | |
| 245 | 1 | 0 |
_aMIDAS technical analysis _h[electronic resource] : _ba VWAP approach to trading and investing in today's markets / _cAndrew Coles and David Hawkins. |
| 260 |
_aHoboken, N.J. : _bBloomberg Press, _c2011. |
||
| 300 | _axxi, 440 p. | ||
| 490 | 1 | _aFinancial series | |
| 500 | _aIncludes index. | ||
| 533 |
_aElectronic reproduction. _bPalo Alto, Calif. : _cebrary, _d2011. _nAvailable via World Wide Web. _nAccess may be limited to ebrary affiliated libraries. |
||
| 650 | 0 |
_aInvestments _xMathematics. |
|
| 650 | 0 | _aInvestment analysis. | |
| 655 | 7 |
_aElectronic books. _2local |
|
| 700 | 1 |
_aHawkins, David _q(David G.) |
|
| 700 | 1 |
_aLevine, Paul H., _d1935-1998. |
|
| 710 | 2 | _aebrary, Inc. | |
| 830 | 0 | _aBloomberg financial series. | |
| 856 | 4 | 0 |
_uhttp://site.ebrary.com/lib/rucke/Doc?id=10510574 _zAn electronic book accessible through the World Wide Web; click to view |
| 999 |
_c119773 _d119773 |
||